El vínculo profesor-alumno (Registro nro. 3321)
[ vista simple ]
| 000 -LEADER | |
|---|---|
| fixed length control field | 01231 a2200241 4500 |
| 001 - CONTROL NUMBER | |
| control field | 40849 |
| 005 - DATE AND TIME OF LATEST TRANSACTION | |
| control field | 20260407155703.0 |
| 008 - FIXED-LENGTH DATA ELEMENTS--GENERAL INFORMATION | |
| fixed length control field | 260407a2008 arg spa d |
| 003 - CONTROL NUMBER IDENTIFIER | |
| control field | AR-UNSa-BCEJYS |
| 040 ## - CATALOGING SOURCE | |
| Original cataloging agency | AR-UNSa-BCEJYS |
| Language of cataloging | spa |
| Transcribing agency | AR-UNSa-BCEJYS |
| 080 ## - UNIVERSAL DECIMAL CLASSIFICATION NUMBER | |
| Universal Decimal Classification number | 37.015.3 |
| Common auxiliary subdivision | Psicología de la educación |
| 020 ## - INTERNATIONAL STANDARD BOOK NUMBER | |
| International Standard Book Number | 978-950-786-399-8 |
| 041 ## - LANGUAGE CODE | |
| Language code of text/sound track or separate title | spa |
| 100 1# - MAIN ENTRY--PERSONAL NAME | |
| Personal name | Allidière, Noemí |
| 245 10 - TITLE STATEMENT | |
| Title | El vínculo profesor-alumno |
| Name of part/section of a work | una lectura psicológica |
| 250 ## - EDITION STATEMENT | |
| Edition statement | 2a. ed. |
| 264 #1 - PRODUCTION, PUBLICATION, DISTRIBUTION, MANUFACTURE, AND COPYRIGHT NOTICE | |
| Place of production, publication, distribution, manufacture | Buenos Aires : |
| Name of producer, publisher, distributor, manufacturer | Biblos |
| Date of production, publication, distribution, manufacture, or copyright notice | 2008 |
| 300 ## - PHYSICAL DESCRIPTION | |
| Extent | 125 p. |
| Dimensions | 22 cm. |
| 505 ## - FORMATTED CONTENTS NOTE | |
| Formatted contents note | 1. Acerca de los vínculos humanos - 2. Acerca de los vínculos pedagógicos - 3. Acerca de los baluartes narcisistas - 4. Baluartes narcisistas y vínculos pedagógicos (I). Los baluartes narcisistas del docente - 5. Baluartes narcisistas y vínculos pedagógicos (II). Los baluartes narcisistas del alumno - 6. Perfil de los estudiantes en la actualidad - 7. Personalidad y estructuras básicas de personalidad - 8. Personalidad del docente y vínculos pedagógicos - 9. A modo de conclusión |
| 590 ## - LOCAL NOTE (RLIN) | |
| Local note | niveau_biblio:m niveau_hierar:0 |
| 856 41 - ELECTRONIC LOCATION AND ACCESS | |
| Uniform Resource Identifier | <a href="https://biblioeco.unsa.edu.ar/pmb/images/libros/L126312.jpg">https://biblioeco.unsa.edu.ar/pmb/images/libros/L126312.jpg</a> |
| Link text | Imagen de portada |
| Electronic format type | image/jpeg |
| 942 ## - ADDED ENTRY ELEMENTS (KOHA) | |
| Koha item type | |
| Withdrawn status | Lost status | Damaged status | Not for loan | Home library | Current library | Shelving location | Date acquired | Total checkouts | Full call number | Barcode | Date last seen | Price effective from | Koha item type |
|---|---|---|---|---|---|---|---|---|---|---|---|---|---|
| Biblioteca Prof. Eusebio Cleto del Rey | Biblioteca Prof. Eusebio Cleto del Rey | 07/04/2026 | P37.015.3 A436 2ed. | L126312 | 07/04/2026 | 07/04/2026 | Libro | ||||||
| Biblioteca Prof. Eusebio Cleto del Rey | Biblioteca Prof. Eusebio Cleto del Rey | 07/04/2026 | P37.015.3 A436 2ed. | L126313 | 07/04/2026 | 07/04/2026 | Libro |